000 01127nam a2200265 i 4500
003 DO-SdBNP
005 20240704091258.0
007 ta
008 240704b2023 dr ao | |||| 00| 0 spa d
040 _aDO-SdBNP
_bspa
_cBNPHU
_erda
082 4 _222
_bR382
111 _aSeminario cooperación descentralizada y enfoque territorial
_c(Santo Domingo, República Dominicana :
_977442
_d20 junio 2023)
245 1 0 _aRelato y conclusiones del seminario "Cooperación descentralizada y enfoque territorial" /
264 1 _aSanto Domingo :
_bFEDOMU,
_bCooperación Española,
_bFamsi,
_c2023.
300 _a17 páginas
_bilustraciones, fotografías
_c17 cm.
336 _2rdacontent
_atexto
_btxt
337 _2rdamedia
_asin mediación
_bn
338 _2rdacarrier
_avolumen
_bnc
500 _aEn cooperación con Plataforma y la delegación de la Unión Europea en República Dominicana.
590 _aInventariado, 2024/ YL
710 _aFederación Dominicana de Municipios (FEDOMU)
_984131
710 _aFondo Andaluz de Municipios para la Solidaridad Internacional (FAMSI)
_984135
910 _aYLockward
942 _2ddc
_cLF2
999 _c57148
_d57148